Twenty- one popular economic fallacies

שמור ב:
מידע ביבליוגרפי
מחבר ראשי: Mishan, E. J.
פורמט: ספר
שפה:Undetermined
יצא לאור: England Penguin Book 1969
נושאים:
תגים: הוספת תג
אין תגיות, היה/י הראשונ/ה לתייג את הרשומה!
Thư viện lưu trữ: Trung tâm Học liệu Trường Đại học Cần Thơ
LEADER 00499nam a2200193Ia 4500
001 CTU_80446
008 210402s9999 xx 000 0 und d
082 |a 330 
082 |b M678 
100 |a Mishan, E. J. 
245 0 |a Twenty- one popular economic fallacies 
245 0 |c E. J. Mishan 
260 |a England 
260 |b Penguin Book 
260 |c 1969 
650 |a Economics 
650 |z Great britain 
904 |i Trọng Hải 
980 |a Trung tâm Học liệu Trường Đại học Cần Thơ